18 Times Table Game - Statistics

General Stats
  • This quiz has been taken 4,653 times
    4,057 since last reset
  • The average score is 16 of 18
Answer Stats
Problem Answer % Correct
18 x 1 18
95%
18 x 2 36
94%
18 x 7 126
93%
18 x 3 54
93%
18 x 5 90
93%
18 x 10 180
92%
18 x 4 72
92%
18 x 6 108
91%
18 x 8 144
91%
18 x 9 162
91%
18 x 11 198
90%
18 x 12 216
89%
18 x 13 234
87%
18 x 14 252
87%
18 x 15 270
87%
18 x 17 306
87%
18 x 18 324
87%
18 x 16 288
86%
No matching quizzes found
Score Distribution
Percent of People with Each Score
Percentile by Number Answered
Your Score History
You have not taken this quiz since the last reset